WWE Elimination Chamber entrants - Statistics

General Stats
  • This quiz has been taken 1,104 times
    733 since last reset
  • The average score is 134 of 200
Answer Stats
Hint Answer % Correct
Elimination Chamber (2010) | New Year's Revolution (2005) | No Way Out (2008) | +3 others Triple H
96%
Elimination Chamber (2010) | Elimination Chamber (2011) | Elimination Chamber (2014) | +4 others John Cena
95%
Elimination Chamber (2010) | Elimination Chamber (2011) | Elimination Chamber (2013) | +5 others Randy Orton
93%
New Year's Revolution (2006) | No Way Out (2008) | SummerSlam (2003) | Survivor Series (2002) Shawn Michaels
92%
Elimination Chamber (2011) | Elimination Chamber (2013) | New Year's Revolution (2006) | +2 others Kane
91%
Elimination Chamber (2011) | New Year's Revolution (2005) | No Way Out (2009) Edge
90%
Elimination Chamber (2018) | Elimination Chamber (2022) Seth Rollins
90%
Elimination Chamber (2010) | No Way Out (2008) | No Way Out (2009) The Undertaker
89%
Elimination Chamber (2015) | Elimination Chamber (2020) Kofi Kingston
88%
Elimination Chamber (2018) Roman Reigns
88%
Elimination Chamber (2010) | Elimination Chamber (2012) | Elimination Chamber (2013) | +5 others Chris Jericho
87%
Elimination Chamber (2010) | Elimination Chamber (2012) | Elimination Chamber (2019) | Elimination Chamber (2021) Kofi Kingston
85%
December to Dismember (2006) | Elimination Chamber (2011) | Elimination Chamber (2012) | No Way Out (2009) Big Show
83%
Elimination Chamber (2022) Brock Lesnar
83%
December to Dismember (2006) | Elimination Chamber (2010) | Elimination Chamber (2011) | Elimination Chamber (2012) CM Punk
83%
New Year's Revolution (2005) | No Way Out (2008) Batista
82%
Elimination Chamber (2015) | Elimination Chamber (2020) Big E
82%
Elimination Chamber (2012) | Elimination Chamber (2017) | Elimination Chamber (2018) | Elimination Chamber (2020) The Miz
82%
Elimination Chamber (2019) | Elimination Chamber (2021) | No Way Out (2008) | No Way Out (2009) Jeff Hardy
81%
Elimination Chamber (2021) Sheamus
81%
Elimination Chamber (2022) Bobby Lashley
80%
Elimination Chamber (2012) | Elimination Chamber (2013) | Elimination Chamber (2014) | +2 others Daniel Bryan
80%
Elimination Chamber (2010) | Elimination Chamber (2011) | No Way Out (2009) Rey Mysterio
80%
Elimination Chamber (2017) | Elimination Chamber (2019) | Elimination Chamber (2021) | Elimination Chamber (2022) AJ Styles
78%
December to Dismember (2006) Bobby Lashley
78%
Elimination Chamber (2017) Bray Wyatt
78%
Elimination Chamber (2017) Dean Ambrose
78%
December to Dismember (2006) | Survivor Series (2002) Rob Van Dam
77%
Elimination Chamber (2010) | Elimination Chamber (2011) | Elimination Chamber (2014) | Elimination Chamber (2015) Sheamus
77%
Elimination Chamber (2015) Xavier Woods
76%
SummerSlam (2003) Goldberg
75%
Elimination Chamber (2014) Christian
72%
Elimination Chamber (2021) Drew McIntyre
71%
Elimination Chamber (2012) | Elimination Chamber (2015) | Elimination Chamber (2020) Dolph Ziggler
69%
Elimination Chamber (2011) Drew McIntyre
69%
Elimination Chamber (2020) Jey Uso
69%
Elimination Chamber (2021) Jey Uso
68%
Elimination Chamber (2020) Jimmy Uso
68%
New Year's Revolution (2006) Kurt Angle
68%
Elimination Chamber (2013) | Elimination Chamber (2015) Mark Henry
68%
Elimination Chamber (2018) | Elimination Chamber (2019) Sasha Banks
67%
New Year's Revolution (2005) Chris Benoit
66%
Elimination Chamber (2012) Cody Rhodes
66%
Elimination Chamber (2018) Braun Strowman
65%
Elimination Chamber (2018) | Elimination Chamber (2019) Bayley
64%
Survivor Series (2002) Booker T
64%
Elimination Chamber (2014) | Elimination Chamber (2015) | Elimination Chamber (2021) Cesaro
64%
Elimination Chamber (2010) | Elimination Chamber (2011) | Elimination Chamber (2020) John Morrison
64%
Elimination Chamber (2018) Finn Balor
61%
Elimination Chamber (2021) Kevin Owens
61%
Elimination Chamber (2022) Austin Theory
59%
New Year's Revolution (2006) Carlito
59%
Elimination Chamber (2018) | Elimination Chamber (2022) Alexa Bliss
58%
No Way Out (2008) MVP
58%
Elimination Chamber (2015) Ryback
58%
Elimination Chamber (2012) | No Way Out (2008) The Great Khali
58%
Elimination Chamber (2015) King Barrett
57%
Elimination Chamber (2011) | Elimination Chamber (2012) Wade Barrett
57%
Elimination Chamber (2013) Jack Swagger
54%
Elimination Chamber (2021) Sami Zayn
54%
Elimination Chamber (2019) | Elimination Chamber (2020) | Elimination Chamber (2022) Liv Morgan
53%
Elimination Chamber (2012) Santino Marella
53%
Elimination Chamber (2017) Baron Corbin
50%
Elimination Chamber (2022) Bianca Belair
50%
Elimination Chamber (2021) King Corbin
50%
Elimination Chamber (2010) | Elimination Chamber (2011) | Elimination Chamber (2012) | Elimination Chamber (2015) R-Truth
49%
Elimination Chamber (2020) Asuka
48%
New Year's Revolution (2006) Chris Masters
48%
No Way Out (2008) Finlay
48%
Elimination Chamber (2022) Rhea Ripley
47%
Elimination Chamber (2015) Sin Cara
47%
Elimination Chamber (2010) Ted DiBiase Jr
47%
No Way Out (2008) John 'Bradshaw' Layfield
46%
Elimination Chamber (2015) Kalisto
46%
SummerSlam (2003) Kevin Nash
46%
December to Dismember (2006) Test
43%
No Way Out (2008) Umaga
43%
No Way Out (2008) Big Daddy V
39%
Elimination Chamber (2020) Natalya
39%
Elimination Chamber (2019) Naomi
38%
Elimination Chamber (2022) Riddle
38%
Elimination Chamber (2020) Shayna Baszler
38%
Elimination Chamber (2015) Tyson Kidd
38%
Elimination Chamber (2020) Otis
37%
Elimination Chamber (2019) | Elimination Chamber (2020) Sarah Logan
35%
Elimination Chamber (2015) Titus O'Neil
35%
December to Dismember (2006) Hardcore Holly
34%
No Way Out (2009) Vladimir Kozlov
34%
Elimination Chamber (2015) Darren Young
33%
Elimination Chamber (2018) | Elimination Chamber (2019) Mandy Rose
33%
No Way Out (2009) Mike Knox
33%
Elimination Chamber (2019) Carmella
32%
Elimination Chamber (2019) Tamina
32%
Elimination Chamber (2020) Robert Roode
31%
Elimination Chamber (2018) Elias
30%
Elimination Chamber (2018) | Elimination Chamber (2019) Sonya Deville
30%
Elimination Chamber (2022) Nikki A.S.H.
29%
Elimination Chamber (2020) Ruby Riott
27%
Elimination Chamber (2019) Nia Jax
26%
Elimination Chamber (2019) Samoa Joe
26%
Elimination Chamber (2020) Tucker
25%
Elimination Chamber (2015) Viktor
25%
Elimination Chamber (2015) Konnor
24%
Elimination Chamber (2015) Diego
22%
Elimination Chamber (2015) Fernando
22%
Elimination Chamber (2019) Peyton Royce
22%
Elimination Chamber (2019) Billie Kay
21%
Elimination Chamber (2018) Mickie James
20%
Elimination Chamber (2020) Lince Dorado
14%
Elimination Chamber (2020) Gran Metalik
12%
Elimination Chamber (2022) Doudrop
11%
No matching quizzes found
Score Distribution
Percent of People with Each Score
Percentile by Number Answered
Your Score History
You have not taken this quiz since the last reset